00868nam a22002657a 4500001001000000003000900010005001700019007000300036008003400039040005400073041001000127072001400137090001900151110009600170245003200266260003900298300001000337500001200347650001000359650002100369909003600390942000700426999001700433952015200450BR9606412BR-BrBNA20230928095312.0ta230509b bl.||||| |||| 00| 0 por d aBR-BrBNAbporcBiblioteca Nacional de Agricultura a(Por) aF01b0150  0150 BR96064121 aQuimica Industrial Brasileira S.A., Santo Andre, SP (Brasil). Depto. Tecnico Agricola981181 aArroz do plantio a colheita3 aSanto Andre, SP (Brasil): c1980.  a26 p. a14 ref. aArroz aPratica Cultural a202309bLuciac55dLucia Elande cBK c55757d55757 002AGRIS40708AGROBASEa41918b41918l0o 0150 BR9606412p0150 BR9606412r2023-09-25t01yBK10d2023-09-25ePortaria Interministerial nÂș 164/94